Music Quiz

Random Music or Singers Quiz

Jackson 5 Picture Click Quiz Stats

 Plays Quiz not verified by Sporcle

Support Sporcle.
Go Orange.
Score 0/5 Timer 01:00
0 Plays Today
% Correct
Michael
92.4%
Jackie
81.6%
Jermaine
80.1%
Tito
78.1%
Marlon
78.1%

You're not logged in!

Compare scores with friends on all Sporcle quizzes.
OR
Log In

From the Vault

Image Word Wheel X

by JoeBeta

Words won't help your car move that well, but we won't stop you from trying.
Remove Ads.
Support Sporcle.
Get the best of Sporcle when you Go Orange. This ad-free experience offers more features, more stats, and more fun while also helping to support Sporcle. Thank you for becoming a member.

Show Comments

Extras

Top Quizzes Today


Score Distribution

Your Account Isn't Verified!

In order to create a playlist on Sporcle, you need to verify the email address you used during registration. Go to your Sporcle Settings to finish the process.

Report this User

Report this user for behavior that violates our Community Guidelines.

Details: